| 000 | 00684nam a22001937a 4500 | ||
|---|---|---|---|
| 005 | 20140224173426.0 | ||
| 010 | _aB-514086 | ||
| 020 |
_a9780521540469 _c31.00 U.K. Rs.2543.00 |
||
| 035 | _aB-514086 | ||
| 037 |
_bBSB/Ven. _adpl |
||
| 082 | _a301.03 | ||
| 245 |
_aThe Cambridge DIctionary of Sociology / _cedited by Bryan S. Turner |
||
| 260 |
_bCambridge University Press _c2011(3rd repr.) _aCambridge |
||
| 270 |
_aThe Edinburgh Building _bCambridge _eCB2 8RU, UK |
||
| 300 |
_axx,688p. _c25cm(pbk) |
||
| 700 | _aTurner, bryan S. | ||
| 942 |
_2ddc _cEN _mCAM _h301.03 |
||
| 999 |
_c79193 _d79193 |
||